00348nam a2200133Ia 4500008004100000020001500041041001200056082001600068100001400084245005600098260003600154300000800190650001600198221030s9999 xx 000 0 und d a8178840014 aEnglish a105.23bBan aR. Bangia 0aFundamentals of Programming Languagescby R. Bangia bCyber Tech PubaNew Delhic2001 a488 aBE Computer